An introduction to instrumental phonetics / (Record no. 185332)

000 -LEADER
fixed length control field 00654 a2200193 4500
003 - CONTROL NUMBER IDENTIFIER
control field NUST
005 - DATE AND TIME OF LATEST TRANSACTION
control field 20230118141158.0
010 ## - LIBRARY OF CONGRESS CONTROL NUMBER
LC control number 79001497
020 ## - INTERNATIONAL STANDARD BOOK NUMBER
International Standard Book Number 0839113307
040 ## - CATALOGING SOURCE
Transcribing agency Nust
082 00 - DEWEY DECIMAL CLASSIFICATION NUMBER
Classification number 414,PAI
100 1# - MAIN ENTRY--PERSONAL NAME
Personal name Painter, Colin.
9 (RLIN) 107005
245 13 - TITLE STATEMENT
Title An introduction to instrumental phonetics /
Statement of responsibility, etc. Colin Painter.
260 ## - PUBLICATION, DISTRIBUTION, ETC.
Place of publication, distribution, etc. Baltimore :
Name of publisher, distributor, etc. University Park Press,
Date of publication, distribution, etc. c1979.
300 ## - PHYSICAL DESCRIPTION
Extent ix, 214 p. :
Other physical details ill. ;
Dimensions 28 cm.
505 ## - FORMATTED CONTENTS NOTE
Formatted contents note Introduction (Page-1), Acoustic Instrumentation (Page-9), Physiological Instruments (Page-43), A Classified Bibliography (Page-83).
650 #0 - SUBJECT ADDED ENTRY--TOPICAL TERM
Topical term or geographic name entry element Phonetics
General subdivision Instruments.
9 (RLIN) 107006
942 ## - ADDED ENTRY ELEMENTS (KOHA)
Source of classification or shelving scheme
Koha item type Book
Call number prefix 414,PAI
Holdings
Withdrawn status Lost status Source of classification or shelving scheme Damaged status Not for loan Permanent Location Current Location Shelving location Date acquired Full call number Barcode Date last seen Price effective from Koha item type Public note
          Military College of Signals (MCS) Military College of Signals (MCS) General Stacks 12/12/2016 414,PAI MCS7599 12/08/2016 12/12/2016 Book Almirah No.54, Shelf No.5
© 2023 Central Library, National University of Sciences and Technology. All Rights Reserved.